00881nam a2200253 i 4500001000300000003000400003005001700007008003900024015001600063020001500079040001400094041001300108080001200121100002300133245011500156246005700271260004800328300005300376504001200429650002300441700002600464700003900490856009800529bgBPK20190723110303.0971113s1987 pl a f |001 0 pol aPB 1988/953 a8301065168 aWA NcBPK1 apolheng a530.1451 aLibbof, Richard L.10aWstęp do mechaniki kwantowej /cRichard L. Liboff ; [z ang. tł. Janina Jedlińska-Rećko, Perła Kacman].1 iTyt. oryg.: aIntroductory quantum mechanics,f1980. aWarszawa :bPańst. Wydaw. Naukowe,c1987. a573, [3] s. :bfot., rys., wykr., err. ;c24 cm. aIndeks. 4aMechanika kwantowa1 aKacman, Perła.eTł.1 aJedlińska-Rećko, Janina.eTł. uhttp://koha.tu.koszalin.pl/cgi-bin/koha/opac-detail.pl?biblionumber=23734yKatalog online BPK